[Event "Armenia ch 2005"]
[Site "Yerevan ARM"]
[Date "2005.05.08"]
[Round "9.6"]
[White "Minasian, Artashes"]
[Black "Kotanjian, Tigran"]
[Result "1/2-1/2"]
[WhiteElo "2597"]
[BlackElo "2443"]
[PlyCount "156"]
[EventDate "2005.04.29"]
[EventType "tourn"]
[EventRounds "11"]
[EventCountry "ARM"]
[Source "lmi"]
[SourceDate "2005.05.11"]

1. e4 c5 2. Nf3 Nc6 3. Bb5 g6 4. Bxc6 bxc6 5. O-O Bg7 6. Re1 Qc7 7. h3 d6 8. c3
Rb8 9. d4 cxd4 10. cxd4 Nf6 11. Nc3 O-O 12. Qe2 Qa5 13. Bf4 Ba6 14. Qd2 c5 15.
e5 dxe5 16. dxe5 Nh5 17. Bg5 f6 18. Nd5 Qxd2 19. Bxd2 Rxb2 20. e6 Rb7 21. Rac1
f5 22. Rxc5 Nf6 23. Nxf6+ Bxf6 24. Bg5 Kg7 25. Bxf6+ Kxf6 26. Ne5 Rd8 27. Nd7+
Kg7 28. a4 Bd3 29. Re3 Be4 30. f3 Rb1+ 31. Kh2 Bb7 32. a5 Rb2 33. Kg3 Ba6 34.
Rc7 Bf1 35. h4 Rxg2+ 36. Kf4 a6 37. Ke5 Rd2 38. Nf6 Kf8 39. Nxh7+ Ke8 40. Nf6+
Kf8 41. Nd7+ Kg7 42. Nb6 Kf8 43. Re1 Bb5 44. h5 gxh5 45. Kxf5 Rf2 46. Kf4 Rd3
47. Nd7+ Bxd7 48. exd7 Rd4+ 49. Kg3 Rfd2 50. d8=Q+ Rxd8 51. Rexe7 R2d5 52. Rf7+
Kg8 53. Rg7+ Kh8 54. Rh7+ Kg8 55. Rcg7+ Kf8 56. Ra7 Kg8 57. Rag7+ Kf8 58. f4
Rxa5 59. Rf7+ Kg8 60. Kh4 Rad5 61. Rhg7+ Kh8 62. Rh7+ Kg8 63. Rfg7+ Kf8 64. Ra7
Kg8 65. Rhg7+ Kh8 66. Rh7+ Kg8 67. Rhg7+ Kh8 68. Rg5 Rxg5 69. Kxg5 Rd6 70. f5
Kg8 71. Kxh5 Kf8 72. Kg5 Rb6 73. Rc7 Rd6 74. Kf4 Rb6 75. Ke5 Rh6 76. Rb7 Rc6
77. Ra7 Rb6 78. f6 Rb1 1/2-1/2

[Event "Armenia ch 2005"]
[Site "Yerevan ARM"]
[Date "2005.05.09"]
[Round "10.1"]
[White "Yegiazarian, Arsen"]
[Black "Kotanjian, Tigran"]
[Result "1-0"]
[WhiteElo "2534"]
[BlackElo "2443"]
[PlyCount "175"]
[EventDate "2005.04.29"]
[EventType "tourn"]
[EventRounds "11"]
[EventCountry "ARM"]
[Source "lmi"]
[SourceDate "2005.05.11"]

1. e4 c5 2. Nc3 d6 3. Nge2 Nc6 4. d4 cxd4 5. Nxd4 Nf6 6. f4 e5 7. Nf3 Be7 8.
Bc4 O-O 9. f5 Na5 10. Bd5 Bd7 11. O-O Rc8 12. Kh1 b5 13. a3 Nc4 14. Qd3 h6 15.
b3 Nb6 16. Bd2 a5 17. Bb7 Rb8 18. Ba6 b4 19. axb4 axb4 20. Ne2 Bc6 21. Ng3 Nbd7
22. Be3 d5 23. exd5 Bxd5 24. Qe2 Qc7 25. Nd2 Bc5 26. Bc4 Bxe3 27. Qxe3 Rfe8 28.
Nge4 Bxe4 29. Nxe4 Nxe4 30. Qxe4 Nf6 31. Qe3 e4 32. h3 Re7 33. Kg1 Rd8 34. Ra6
Qe5 35. Rb6 Qc3 36. Qc5 Red7 37. Qxb4 Qxc2 38. Rb8 Rxb8 39. Qxb8+ Kh7 40. Qg3
Qd2 41. Re1 Qd4+ 42. Kh2 Nh5 43. Qb8 Qf2 44. Rf1 Qb2 45. Qe8 Nf6 46. Qb8 Rd2
47. Bxf7 Rxg2+ 48. Kh1 Qe2 49. Bg6+ Rxg6 50. fxg6+ Kxg6 51. Rg1+ Kf7 52. Qg3 g5
53. Re1 Qb5 54. Qd6 Kg6 55. Qe6 Qd3 56. Kg2 Qf3+ 57. Kg1 Qg3+ 58. Kf1 h5 59.
Re2 Qd3 60. Ke1 Qc3+ 61. Kf1 g4 62. hxg4 hxg4 63. Rf2 g3 64. Qf5+ Kg7 65. Ra2
e3 66. Ra7+ Kh6 67. Qh3+ Nh5 68. Qe6+ Kg5 69. Qd5+ Kg4 70. Qd1+ Kg5 71. Qd8+
Nf6 72. Qa5+ Qxa5 73. Rxa5+ Kf4 74. Ra8 Nd5 75. Rf8+ Kg4 76. Ke2 g2 77. Rg8+
Kf5 78. Kf3 Ke5 79. Kxg2 Ke4 80. Kf1 Nf4 81. b4 Kd5 82. Rg4 Ke5 83. b5 Nd5 84.
Ke2 Kd6 85. Rc4 Kd7 86. Rc1 Kd6 87. Kd3 Ke6 88. b6 1-0

[Event "Armenia ch 2005"]
[Site "Yerevan ARM"]
[Date "2005.05.09"]
[Round "10.2"]
[White "Sargissian, Gabriel"]
[Black "Minasian, Artashes"]
[Result "1-0"]
[WhiteElo "2630"]
[BlackElo "2597"]
[PlyCount "131"]
[EventDate "2005.04.29"]
[EventType "tourn"]
[EventRounds "11"]
[EventCountry "ARM"]
[Source "lmi"]
[SourceDate "2005.05.11"]

1. d4 g6 2. Nf3 Bg7 3. e4 d6 4. c4 c5 5. Nc3 Nf6 6. Be2 O-O 7. O-O Na6 8. d5
Nc7 9. Bf4 Bg4 10. h3 Bxf3 11. Bxf3 Nd7 12. Be2 Ne5 13. Bg5 h6 14. Bh4 g5 15.
Bg3 e6 16. Bh2 exd5 17. Nxd5 Nxd5 18. Qxd5 Qb6 19. b3 Rae8 20. Rad1 Re6 21. Bh5
Qc6 22. Qxc6 bxc6 23. Rd2 Rfe8 24. Rfd1 Bf8 25. f3 a5 26. Bg4 Nxg4 27. hxg4 Rd8
28. e5 d5 29. cxd5 cxd5 30. Rxd5 Rxd5 31. Rxd5 a4 32. Rd8 axb3 33. axb3 Kg7 34.
Kf1 Be7 35. Rd3 f6 36. Re3 Kf7 37. Ke2 Rb6 38. Kd2 Re6 39. Re2 fxe5 40. Bxe5
Bf8 41. Kd3 Be7 42. Bc3 Rd6+ 43. Kc4 Rd1 44. Re1 Rd7 45. Ra1 Rd6 46. Ra7 Rb6
47. Ba5 Rb8 48. Ra6 Bf6 49. Bc3 Bxc3 50. Kxc3 Kg7 51. Ra5 Re8 52. Rxc5 Re2 53.
b4 Rxg2 54. Kb3 Rg1 55. Rc3 Kf6 56. Re3 Rd1 57. b5 Rd4 58. Ka3 Rd8 59. Kb4 Rb8
60. Kc5 Ra8 61. Kd6 Rb8 62. Kc6 Rc8+ 63. Kb7 Rh8 64. b6 h5 65. gxh5 Kf5 66. Ka7
1-0

[Event "Armenia ch 2005"]
[Site "Yerevan ARM"]
[Date "2005.05.09"]
[Round "10.3"]
[White "Minasian, Ara"]
[Black "Chibukhchian, Artur"]
[Result "0-1"]
[WhiteElo "2510"]
[BlackElo "2406"]
[PlyCount "92"]
[EventDate "2005.04.29"]
[EventType "tourn"]
[EventRounds "11"]
[EventCountry "ARM"]
[Source "lmi"]
[SourceDate "2005.05.11"]

1. e4 c5 2. Nf3 e6 3. b3 a6 4. Bb2 d6 5. d4 cxd4 6. Nxd4 Nf6 7. Bd3 Nbd7 8. c4
b6 9. O-O Bb7 10. Nc3 g6 11. Qe2 Bg7 12. Rad1 O-O 13. Nc2 Rc8 14. Ne3 Qc7 15.
Bb1 Nc5 16. f3 Rfd8 17. Kh1 Nh5 18. Qd2 Qe7 19. Ne2 Nf6 20. Rfe1 h5 21. Nc3 Ne8
22. b4 Nd7 23. Na4 Bxb2 24. Qxb2 b5 25. cxb5 axb5 26. Nc3 Qf6 27. Rc1 Nb6 28.
Qd2 Nc7 29. Bd3 Qe5 30. Bf1 Qg5 31. Qd4 Nba8 32. Ne2 Ne8 33. Qa7 Rxc1 34. Rxc1
Rd7 35. Rc3 Kh7 36. Nd4 Qh4 37. g3 Qxe4 38. Qxa8 Qxd4 39. Qxe8 Bxf3+ 40. Ng2
Qf2 41. Rxf3 Qxf3 42. Kg1 Ra7 43. Nf4 e5 44. Nd3 Rxa2 45. Qxb5 Qe3+ 46. Kh1 Qd2
0-1

[Event "Armenia ch 2005"]
[Site "Yerevan ARM"]
[Date "2005.05.09"]
[Round "10.4"]
[White "Nalbandian, Tigran"]
[Black "Galstian, Beniamin"]
[Result "1/2-1/2"]
[WhiteElo "2508"]
[BlackElo "2448"]
[PlyCount "23"]
[EventDate "2005.04.29"]
[EventType "tourn"]
[EventRounds "11"]
[EventCountry "ARM"]
[Source "lmi"]
[SourceDate "2005.05.11"]

1. d4 d5 2. Nf3 Nf6 3. c4 c6 4. e3 Bf5 5. Nc3 e6 6. Bd3 Bxd3 7. Qxd3 Nbd7 8.
O-O Be7 9. Rd1 O-O 10. b3 a5 11. Bb2 Re8 12. Rac1 1/2-1/2

[Event "Armenia ch 2005"]
[Site "Yerevan ARM"]
[Date "2005.05.09"]
[Round "10.5"]
[White "Anastasian, Ashot"]
[Black "Babujian, Levon"]
[Result "1-0"]
[WhiteElo "2574"]
[BlackElo "2386"]
[PlyCount "111"]
[EventDate "2005.04.29"]
[EventType "tourn"]
[EventRounds "11"]
[EventCountry "ARM"]
[Source "lmi"]
[SourceDate "2005.05.11"]

1. d4 Nf6 2. Nf3 g6 3. Bf4 Bg7 4. e3 O-O 5. h3 d6 6. Be2 Nfd7 7. c3 Nc6 8. Bh2
e5 9. b4 Qe7 10. Na3 exd4 11. Nxd4 Nb6 12. O-O Re8 13. Rc1 a5 14. Nxc6 bxc6 15.
Nc4 Nxc4 16. Bxc4 Be6 17. Bb3 Qg5 18. Qf3 Qb5 19. Bxe6 Rxe6 20. c4 Qb8 21. b5
Qe8 22. Rb1 cxb5 23. cxb5 Rb8 24. Qd5 Bc3 25. Rfc1 Bb4 26. a4 Qe7 27. Bg3 Bc5
28. Rc4 Bb6 29. e4 Re8 30. Re1 Qf6 31. Kh1 h5 32. f3 Qb2 33. Bh2 Qb3 34. Rec1
h4 35. Bg1 Re5 36. Qd1 Qa2 37. Bxb6 cxb6 38. Qxd6 Rg5 39. Qh2 Rd8 40. R4c2 Qxa4
41. Qf4 Qxb5 42. Rc7 Rf8 43. Qxh4 Kg7 44. Qf2 Qb4 45. f4 Rh5 46. Qf3 Re8 47. e5
a4 48. g4 Rhh8 49. f5 gxf5 50. gxf5 Rh6 51. e6 Kh8 52. Rxf7 Rg8 53. Qc3+ Qxc3
54. Rxc3 b5 55. e7 Rd6 56. Rg3 1-0

[Event "Armenia ch 2005"]
[Site "Yerevan ARM"]
[Date "2005.05.09"]
[Round "10.6"]
[White "Asrian, Karen"]
[Black "Petrosian, Tigran L"]
[Result "1/2-1/2"]
[WhiteElo "2611"]
[BlackElo "2599"]
[PlyCount "21"]
[EventDate "2005.04.29"]
[EventType "tourn"]
[EventRounds "11"]
[EventCountry "ARM"]
[Source "lmi"]
[SourceDate "2005.05.11"]

1. e4 d6 2. d4 Nf6 3. Nc3 g6 4. Be3 c6 5. Nf3 Bg7 6. Qd2 b5 7. Bd3 Nbd7 8. Bh6
Bxh6 9. Qxh6 e5 10. dxe5 dxe5 11. O-O 1/2-1/2

[Event "Armenia ch 2005"]
[Site "Yerevan ARM"]
[Date "2005.05.10"]
[Round "11.2"]
[White "Babujian, Levon"]
[Black "Asrian, Karen"]
[Result "1-0"]
[WhiteElo "2386"]
[BlackElo "2611"]
[PlyCount "157"]
[EventDate "2005.04.29"]
[EventType "tourn"]
[EventRounds "11"]
[EventCountry "ARM"]
[Source "lmi"]
[SourceDate "2005.05.11"]

1. e4 c6 2. d4 d5 3. exd5 cxd5 4. c4 Nf6 5. Nc3 Nc6 6. cxd5 Nxd5 7. Nf3 Bg4 8.
Bc4 e6 9. O-O Be7 10. Be3 O-O 11. h3 Bh5 12. Nxd5 exd5 13. Be2 Bf6 14. Qb3 Na5
15. Qb4 Be7 16. Qa4 a6 17. Bf4 Nc4 18. Bxc4 dxc4 19. Qxc4 Bxf3 20. gxf3 Rc8 21.
Qd3 Rc5 22. Kh2 Rd5 23. Rad1 Bf6 24. Be3 Qd6+ 25. Kg2 Rd8 26. Rfe1 g6 27. Qe4
Qd7 28. Qg4 Qb5 29. Rd2 h5 30. Qe4 Rg5+ 31. Kh2 Rf5 32. f4 Re8 33. Qf3 Be7 34.
Rc1 Bd6 35. b3 Qd7 36. d5 Qe7 37. Rd4 Qf6 38. Kh1 Kh7 39. Rcc4 Qd8 40. b4 Qd7
41. Kg2 Qb5 42. Qd1 Rd8 43. a4 Qd7 44. Rd3 Rc8 45. Rxc8 Qxc8 46. Rd4 Qe8 47.
Qb3 b5 48. a5 Bf8 49. Qc2 Rf6 50. Qe4 Qd7 51. Rd3 Bd6 52. Rd4 Qc8 53. Qd3 Rf5
54. Bd2 Qc7 55. Kf3 Qd7 56. Qc2 Rf6 57. Kg2 Bf8 58. Be3 Be7 59. Qd3 Bd6 60. Bd2
Rf5 61. Qe3 Qc8 62. Bc3 Qc7 63. Re4 Bxf4 64. Re8 Kh6 65. h4 g5 66. Qd4 f6 67.
Qe4 Qd7 68. Re6 Qxd5 69. Rxf6+ Kh7 70. Qxd5 Rxd5 71. hxg5 Rxg5+ 72. Kf3 Be5 73.
Bxe5 Rxe5 74. Rxa6 Rf5+ 75. Kg3 h4+ 76. Kxh4 Rf4+ 77. Kg3 Rxb4 78. Rb6 Ra4 79.
a6 1-0

[Event "Armenia ch 2005"]
[Site "Yerevan ARM"]
[Date "2005.05.10"]
[Round "11.3"]
[White "Galstian, Beniamin"]
[Black "Anastasian, Ashot"]
[Result "0-1"]
[WhiteElo "2448"]
[BlackElo "2574"]
[PlyCount "112"]
[EventDate "2005.04.29"]
[EventType "tourn"]
[EventRounds "11"]
[EventCountry "ARM"]
[Source "lmi"]
[SourceDate "2005.05.11"]

1. e4 c5 2. Nf3 Nf6 3. e5 Nd5 4. Nc3 Nxc3 5. dxc3 Nc6 6. Bf4 e6 7. Bb5 Qc7 8.
Qe2 b6 9. O-O-O Bb7 10. Ba6 Bxa6 11. Qxa6 Be7 12. h4 h6 13. h5 f6 14. Rhe1 O-O
15. Qd3 fxe5 16. Bxh6 Rf5 17. Qxd7 Qxd7 18. Rxd7 gxh6 19. Rc7 Rxf3 20. gxf3
Bg5+ 21. Kb1 Ne7 22. Rd7 Kf7 23. Rxe5 Kf6 24. Re4 Nd5 25. a4 Nf4 26. b4 Nxh5
27. a5 Nf4 28. a6 h5 29. Kb2 h4 30. Re1 c4 31. Ka3 Nd5 32. Rd6 Nc7 33. Rc6 Bf4
34. Rxc4 Kf5 35. Kb3 h3 36. Rh1 Rh8 37. Rd4 Rh7 38. Rd8 e5 39. Ra1 h2 40. Rdd1
Rg7 41. c4 Nxa6 42. Rxa6 Rg1 43. Raa1 h1=Q 44. Rxg1 Qxf3+ 45. c3 Qxf2 46. Rg7
a5 47. bxa5 bxa5 48. Rxa5 Ke4 49. Rb7 Qf1 50. Ra2 Qd1+ 51. Rc2 Kf3 52. Rb5 e4
53. Rb8 Qf1 54. Re8 e3 55. Re7 Qd1 56. c5 Qd8 0-1

[Event "Armenia ch 2005"]
[Site "Yerevan ARM"]
[Date "2005.05.10"]
[Round "11.4"]
[White "Chibukhchian, Artur"]
[Black "Nalbandian, Tigran"]
[Result "1/2-1/2"]
[WhiteElo "2406"]
[BlackElo "2508"]
[PlyCount "24"]
[EventDate "2005.04.29"]
[EventType "tourn"]
[EventRounds "11"]
[EventCountry "ARM"]
[Source "lmi"]
[SourceDate "2005.05.11"]

1. d4 Nf6 2. Nf3 g6 3. g3 Bg7 4. Bg2 O-O 5. c4 c6 6. O-O d5 7. cxd5 cxd5 8. Nc3
e6 9. Ne5 Nfd7 10. f4 Nc6 11. Be3 Nb6 12. Bf2 Ne7 1/2-1/2

[Event "Armenia ch 2005"]
[Site "Yerevan ARM"]
[Date "2005.05.10"]
[Round "11.5"]
[White "Minasian, Artashes"]
[Black "Minasian, Ara"]
[Result "1/2-1/2"]
[WhiteElo "2597"]
[BlackElo "2510"]
[PlyCount "70"]
[EventDate "2005.04.29"]
[EventType "tourn"]
[EventRounds "11"]
[EventCountry "ARM"]
[Source "lmi"]
[SourceDate "2005.05.11"]

1. Nf3 f5 2. d3 d5 3. g3 Nc6 4. Bf4 e6 5. d4 Bd6 6. e3 Nf6 7. c4 O-O 8. Nc3 Bb4
9. Qc2 Ne4 10. h4 Bd7 11. Be2 Be8 12. Ng5 e5 13. Ne6 Qd6 14. Nxf8 exf4 15. gxf4
Kxf8 16. f3 Nf6 17. c5 Qe6 18. Kf2 Bxc3 19. Qxc3 Bh5 20. b4 Re8 21. Rag1 Ne7
22. Qd2 Neg8 23. Bd3 Nh6 24. Rg5 Bxf3 25. Kxf3 Ne4 26. Qe2 Nxg5+ 27. hxg5 Ng4
28. Re1 Qf7 29. Qd2 Qh5 30. Kg3 Nxe3 31. Rxe3 Qg4+ 32. Kf2 Qxf4+ 33. Ke2 Qg4+
34. Kf2 Qf4+ 35. Ke2 Qg4+ 1/2-1/2

[Event "Armenia ch 2005"]
[Site "Yerevan ARM"]
[Date "2005.05.10"]
[Round "11.6"]
[White "Kotanjian, Tigran"]
[Black "Sargissian, Gabriel"]
[Result "1-0"]
[WhiteElo "2443"]
[BlackElo "2630"]
[PlyCount "85"]
[EventDate "2005.04.29"]
[EventType "tourn"]
[EventRounds "11"]
[EventCountry "ARM"]
[Source "lmi"]
[SourceDate "2005.05.11"]

1. d4 Nf6 2. c4 e6 3. Nc3 Bb4 4. Qc2 c5 5. dxc5 Bxc5 6. a3 b6 7. Nf3 Bb7 8. Bf4
Nh5 9. Bg3 f5 10. e3 Nc6 11. Rd1 Nxg3 12. hxg3 Qf6 13. Be2 Rd8 14. Rd2 Ne5 15.
Nxe5 Qxe5 16. Bh5+ g6 17. Bf3 Bc8 18. Nb5 Qb8 19. Qd1 a6 20. Nd6+ Bxd6 21. Rxd6
O-O 22. Qd4 Qc7 23. O-O b5 24. c5 Rde8 25. Qe5 f4 26. b4 Rf5 27. Qd4 fxg3 28.
fxg3 Ref8 29. g4 R5f7 30. Rd1 Qd8 31. c6 Qh4 32. g5 Qg3 33. cxd7 Rxf3 34. d8=Q
Qf2+ 35. Kh2 Qg3+ 36. Kh1 Bb7 37. e4 e5 38. Qd2 Bxe4 39. Rf6 R3xf6 40. gxf6
Bxg2+ 41. Qxg2 Qh4+ 42. Kg1 Rxd8 43. Rxd8+ 1-0